00588 a2200169 4500003000400000005001700004008004100021040000900062082001800071100003400089245006300123260003400186300000900220942003400229952013800263999001700401OSt20240802151104.0231017b |||||||| |||| 00| 0 eng d coclc a892.782KHA/K aAbdul fathahul khalidi910471 aAL KHULAFAHU RASHIDOON /cDr Swalah Abdul Fathahul Khalidi aBeiruth:bDarul kalam,c2010. a296p 2ddccBKh92.78k892.78eKHA/K 00102ddc40708MISCELLANEOUSaMESbMEScARBd2023-10-17l0o892.78 KHA/Kp42952r2023-10-17 15:21:00v600.00w2023-10-17yBKzGR5R5 c42711d42711